| 000 | 01510nam a22002894c 4500 | ||
|---|---|---|---|
| 003 | AR-BaSMT | ||
| 008 | 260512b2021 aga|||br|||| 00| 1 spa d | ||
| 020 | _a9789500761659 | ||
| 040 |
_aBSGB _bespañol _cBSGB _erda |
||
| 041 | 0 |
_aspa _hespañol |
|
| 080 | _a82-34 BER | ||
| 100 | 1 |
_aBernasconi, Pablo _996 |
|
| 245 | 1 | 3 | _aEl infinito |
| 250 | _aTercera edición | ||
| 264 | 1 |
_aBuenos aires : _bSudamericana , _c2021 |
|
| 300 |
_a64 páginas ; _bilustraciones color |
||
| 336 |
_2rdacontent _atexto _btxt |
||
| 337 |
_2rdamedia _asin mediación _bn |
||
| 338 |
_2rdacarrier _avolumen _bnc |
||
| 490 | _aPrimera sudamericana | ||
| 520 | 1 |
_a¿Qué es el infinito? ¿Queda lejos o está más cerca de lo que pensamos?
Pablo Bernasconi conjuga sus ilustraciones maravillosas con un texto poético que intenta poner palabras a eso que ni los niños ni los grandes pueden realmente abarcar: el infinito.
Un libro álbum para leer y atesorar, de una sensibilidad y un refinamiento inolvidables.
Del autor de Rebelión en el Tortoni; El sueño del pequeño Capitán Arsenio; El brujo, el horrible y el libro rojo de los hechizos; El diario del Capitán Arsenio; La verdadera explicación; Excesos y exageraciones; y Mentiras y moretones, entre otros. _uhttps://www.penguinlibros.com/ar/a-partir-de-9-anos/146242-libro-el-infinito-9789500761659 12/05/2026 |
|
| 521 | _aA partir de 8 años | ||
| 650 | 7 |
_98 _aLITERATURA INFANTIL |
|
| 650 | 7 |
_923 _aCUENTO |
|
| 942 |
_2ddc _aBOOK |
||
| 999 |
_c684 _d684 |
||